The special educator's tool kit / (Record no. 20852)

MARC details
000 -LEADER
fixed length control field 01064nam a22002658a 4500
005 - DATE AND TIME OF LATEST TRANSACTION
control field 20080829115935.0
008 - FIXED-LENGTH DATA ELEMENTS--GENERAL INFORMATION
fixed length control field 080827s2008 cau b 001 0 eng
010 ## - LCCN (DPL NO)
LC control number ENG-92459
020 ## - INTERNATIONAL STANDARD BOOK NUMBER
International Standard Book Number 9788178298979
Terms of availability 350.00
035 ## - SYSTEM CONTROL NUMBER
System control number EN-75992
037 ## - SOURCE OF ACQUISITION
Source of stock number/acquisition DBAD / PUB
040 ## - CATALOGING SOURCE
Original cataloging agency dpl
Language of cataloging English
082 ## - DEWEY DECIMAL CLASSIFICATION NUMBER
Classification number 371.9
100 ## - MAIN ENTRY--PERSONAL NAME
Personal name Barratt, Sarah J.
245 ## - TITLE STATEMENT
Title The special educator's tool kit /
Statement of responsibility, etc by Sarah J. Barratt S.
260 ## - PUBLICATION, DISTRIBUTION, ETC. (IMPRINT)
Place of publication, distribution, etc New Dlehi
Name of publisher, distributor, etc SAGE Publications,
Date of publication, distribution, etc 2008
270 ## - ADDRESS
Address B1/I-1 Mohan Cooperative Industrial Area, Mathura Road,
City New Delhi
Postal code 110044
300 ## - PHYSICAL DESCRIPTION
Extent xv, 171p.:
Other physical details ill.
Dimensions 25cm (pbk)
504 ## - BIBLIOGRAPHY, ETC. NOTE
Bibliography, etc Includes glossary, bibliographical references and index.
650 ## - SUBJECT ADDED ENTRY--TOPICAL TERM
Topical term or geographic name as entry element Special education.
650 ## - SUBJECT ADDED ENTRY--TOPICAL TERM
Topical term or geographic name as entry element Children with disabilities
General subdivision Education.
650 ## - SUBJECT ADDED ENTRY--TOPICAL TERM
Topical term or geographic name as entry element Special education teachers
General subdivision In-service training.
942 ## - ADDED ENTRY ELEMENTS (KOHA)
Source of classification or shelving scheme Dewey Decimal Classification
Item type English Books
Classification part 371.9
Call number suffix BAR
Holdings
Withdrawn status Lost status Source of classification or shelving scheme Damaged status Not for loan Collection code Home library Current library Date acquired Source of acquisition Cost, normal purchase price Total Checkouts Full call number Barcode Date last seen Copy number Cost, replacement price Koha item type
    Dewey Decimal Classification   Not For Loan Non-fiction D.B.Act.Division D.B.Act.Division 12/01/2009 DBAB / PUB 350.00   371.9 BAR EN-75992 12/01/2009 1 350.00 English Books

© Delhi Public Library
Hit Counter
free hit counter